| 000 | 00613nam a2200241 a 4500 | ||
|---|---|---|---|
| 001 | nice12345678 | ||
| 003 | IN_TiNIC | ||
| 005 | 20260116011700.0 | ||
| 008 | 050524s1969 mada grp 000 0 eng | ||
| 020 |
_a _c100 |
||
| 082 | 0 | 0 |
_a230.0954 _bBOY |
| 100 | _aByod, Robin H S | ||
| 245 | _aIntroduction to Indian Christian Theology | ||
| 260 |
_aMadras _bChristian Literature Society _c1969 |
||
| 300 | _a285p | ||
| 500 | _aincludes index and biblioraphy | ||
| 505 | 2 | _aBibliography, Index | |
| 650 | _aTheology-India | ||
| 700 | 1 | _aByod, Robin H S | |
| 902 | _bSRS | ||
| 942 | _cBK | ||
| 999 |
_c3377 _d3377 |
||